| 000 | 01377nam a22002297a 4500 | ||
|---|---|---|---|
| 999 |
_c63696 _d63696 |
||
| 003 | Ge_BSU | ||
| 005 | 20251210205001.0 | ||
| 008 | 251210s2025 ge ||||| |||| 00| 0 geo d | ||
| 020 | _a9789941996498 | ||
| 041 | _ageo | ||
| 080 | _a821.353.1-32 | ||
| 100 |
_aგრიგორენცი, არტემ _926444 |
||
| 245 |
_aქალაქური მოთხრობები / _cარტემ გრიგორენცი; ბოლოსიტყვაობა: თემურ ტონია, თამილა გოგოლაძე. |
||
| 264 |
_aთბილისი : _bილია ჭავჭავაძის სახ. საქართველოს ეროვნული ბიბლიოთეკა, _c2025. |
||
| 300 |
_a94 გვ. ; _b16 სმ. |
||
| 500 | _aგარეკანზე: მჰერ ჩატინიანის ფერწერული ნამუშევარი "სიმღერა ძველ ქალაქზე". | ||
| 653 | _aქართული პროზა | ||
| 653 | _aსომხური პროზა | ||
| 700 |
_aტონია, თემურ _eბოლოსიტყვაობის ავტორი _926445 |
||
| 700 |
_aგოგოლაძე, თამილა _eბოლოსიტყვაობის ავტორი. _926446 |
||
| 942 |
_2udc _cBK |
||